000 00282nam a2200121Ia 4500
008 190216s9999||||xx |||||||||||||| ||und||
100 _aDhingra. I.C
245 0 _aIndian Economic Problems
260 _bSulthan Chand &co
_c1997
300 _a587p
650 _aEconomics
942 _cBK
999 _c9942
_d9942